000 00998nam a2200361 a 4500
003 AR-BaBNM
005 20251128210408.0
008 082120s2002 ||||||||||||||000 | spa||
020 _a950-9413-37-2
040 _cAR-BaBNM
245 0 0 _aRelatos y romanceadas mapuches
250 _a3ª ed.
260 _aBuenos Aires
_bEdiciones del Sol
_c1996
300 _a121 p.
_bil.
490 0 _aBiblioteca de cultura popular
_vv. 13
500 _aContiene referencias bibliográficas en p. 119
650 4 _aABORIGENES ARGENTINOS
650 4 _aFOLKLORE
650 4 _aLITERATURA POPULAR
650 4 _aCOSTUMBRES Y TRADICIONES
650 4 _aLITERATURA FOLKLORICA
650 4 _aLEYENDAS
650 4 _aIDENTIDAD CULTURAL
650 4 _aTRADICION ORAL
651 4 _aArgentina
653 _aLITERATURA FANTASTICA
653 _aMAPUCHES
653 _aROMANCERO
700 1 _aFernández, César
_ecompilador
800 1 _aColombres, Adolfo
_edirector
942 _cBK
998 _cMARTIN
999 _c15300
_d15300